The United Nations : (Record no. 10550)
[ view plain ]
| 000 -LEADER | |
|---|---|
| fixed length control field | 00583cam a2200205ua 4500 |
| 001 - CONTROL NUMBER | |
| control field | 11765 |
| 005 - DATE AND TIME OF LATEST TRANSACTION | |
| control field | 20260515114809.0 |
| 008 - FIXED-LENGTH DATA ELEMENTS--GENERAL INFORMATION | |
| fixed length control field | 191104n ii |||gr||||Z||||||eng |
| 020 ## - INTERNATIONAL STANDARD BOOK NUMBER | |
| International Standard Book Number | 9788120727755 |
| 040 ## - CATALOGING SOURCE | |
| Transcribing agency | MAIN |
| 082 ## - DEWEY DECIMAL CLASSIFICATION NUMBER | |
| Classification number | 327.112 |
| 100 ## - MAIN ENTRY--PERSONAL NAME | |
| Personal name | Rumki Basu . , |
| Relator term | Author., |
| 245 ## - TITLE STATEMENT | |
| Title | The United Nations : |
| Remainder of title | structure and functions of an international organisation / |
| Statement of responsibility, etc. | By Rumki Basu . |
| 250 ## - EDITION STATEMENT | |
| Edition statement | 1st ed. |
| 260 ## - PUBLICATION, DISTRIBUTION, ETC. | |
| Place of publication, distribution, etc. | New Delhi: |
| Name of publisher, distributor, etc. | Sterling publishers, |
| Date of publication, distribution, etc. | 2018. |
| 300 ## - PHYSICAL DESCRIPTION | |
| Extent | 494p. |
| 653 ## - INDEX TERM--UNCONTROLLED | |
| Uncontrolled term | International relations |
| 653 ## - INDEX TERM--UNCONTROLLED | |
| Uncontrolled term | The United Nations |
| 942 ## - ADDED ENTRY ELEMENTS (KOHA) | |
| Koha item type | Books |
| Withdrawn status | Lost status | Damaged status | Not for loan | Home library | Current library | Shelving location | Date acquired | Total checkouts | Full call number | Barcode | Date last seen | Date last checked out | Copy number | Price effective from | Koha item type |
|---|---|---|---|---|---|---|---|---|---|---|---|---|---|---|---|
| Naharkatiya College Library | Naharkatiya College Library | General stacks | 09/19/2020 | 1 | 327.112Political Science | BAS | 26830 | 04/01/2025 | 03/07/2025 | 1 | 09/19/2020 | Books |